[Event "Mistrovstvi Cech 2019 - HD16"]
[Site "Prichovice u Korenova"]
[Date "2019.11.01"]
[Round "8"]
[White "Leksova, Sona"]
[Black "Stastny, Jakub"]
[Result "1/2-1/2"]
[WhiteElo "1386"]
[BlackElo "1789"]
[EventDate "2019.10.26"]

1. e4  e6  2. d4  d5
3. exd5  exd5  4. c4
Nf6  5. Nc3  Be7
6. Nf3  Bg4  7. cxd5
Nbd7  8. Bb5  O-O
9. O-O  Nb6  10. Qd3
Nbxd5  11. Ne5  Bh5
12. Bg5  c6  13. Nxd5
Nxd5  14. Bxe7  Nxe7
15. Bc4  Qd6  16. f3
Rad8  17. Rad1  c5
18. g4  cxd4  19. Rfe1
Bg6  20. Nxg6  Nxg6
21. Re4  Ne5  22. Qe2
Nc6  23. Qd2  Rfe8
24. Rxe8+  Rxe8  25. Re1
Rd8  26. Qd3  g6
27. Qb3  Qc7  28. Bd5
Na5  29. Qb5  a6
30. Qb4  Rxd5  31. Re8+
Kg7  32. Qf8+  Kf6
33. Qh8+  Kg5  34. h4+
Kf4  35. Kf2  f5
36. Qf8  Qc2+  37. Re2
Qxe2+  38. Kxe2  d3+
39. Kd1  Nc4  40. Qb8+
Ke3  41. Qa7+  Rd4
42. Qxb7  Kf2  43. Qa7
Nxb2+  44. Kd2  Nc4+
45. Kc3  d2  46. Qxd4+
Ke1  47. Qg1+  Ke2
48. gxf5  d1=Q  49. Qxd1+
Kxd1  50. Kxc4  gxf5
51. Kd4  Ke2  52. Ke5
Kxf3  53. Kxf5  1/2-1/2

[Event "Mistrovstvi Cech 2019 - HD16"]
[Site "Prichovice u Korenova"]
[Date "2019.11.01"]
[Round "8"]
[White "Chval, Zdenek"]
[Black "Rousek, Jan"]
[Result "1/2-1/2"]
[WhiteElo "1782"]
[BlackElo "1607"]
[EventDate "2019.10.26"]

1. e4  c5  2. Nf3  e6
3. d4  cxd4  4. Nxd4
Nf6  5. Nc3  Nc6
6. Ndb5  Bb4  7. a3
Bxc3+  8. Nxc3  d5
9. exd5  Nxd5  10. Nxd5
exd5  11. Bd3  Qe7+
12. Qe2  Qxe2+  13. Bxe2
Bf5  14. Kd2  O-O
15. Bd3  Bxd3  16. Kxd3
Rfe8  17. Be3  Re4
18. Rad1  Rd8  19. f3
Re6  20. Rhe1  Rde8
21. Bd2  Kf8  22. Bc3
g6  23. Rxe6  Rxe6
24. Re1  Ke7  25. b4
b5  26. Ra1  a6
27. a4  Kd6  28. axb5  axb5
1/2-1/2

[Event "Mistrovstvi Cech 2019 - HD16"]
[Site "Prichovice u Korenova"]
[Date "2019.11.01"]
[Round "8"]
[White "Pors, Jaroslav"]
[Black "Holub, Adam"]
[Result "0-1"]
[WhiteElo "1850"]
[BlackElo "1549"]
[EventDate "2019.10.26"]

1. d4  Nf6  2. c4  e5
3. dxe5  Ng4  4. Bf4
g5  5. Bg3  Bg7
6. h4  Nxe5  7. Nc3  d6
8. Qc2  g4  9. O-O-O
Nbc6  10. e3  Be6
11. Ne4  h6  12. Ne2
Nxc4  13. Nd4  Nxd4
14. exd4  Nb6  15. Bb5+
Kf8  16. h5  a6
17. Bh4  Qc8  18. Be2  Nd5
19. Qd2  Qd7  20. f3
Qa4  21. a3  b5
22. Nc3  Nxc3  23. Qxc3  c5
24. Bf2  b4  25. Qc2
Bb3  26. Qe4  Re8
0-1

[Event "Mistrovstvi Cech 2019 - HD16"]
[Site "Prichovice u Korenova"]
[Date "2019.11.01"]
[Round "8"]
[White "Vestfal, Jan"]
[Black "Zemen, Pavel"]
[Result "1-0"]
[WhiteElo "1748"]
[BlackElo "1454"]
[EventDate "2019.10.26"]

1. e4  c5  2. Nf3  Nc6
3. c3  d5  4. exd5
Qxd5  5. d4  cxd4
6. cxd4  Nf6  7. Nc3
Qd8  8. d5  Nb8
9. Bc4  Nbd7  10. Bf4  a6
11. O-O  Nb6  12. Bb3
g6  13. a4  Bg7
14. a5  Nbd7  15. d6  e6
16. Ng5  Nc5  17. Bc4
h6  18. Be3  Nfd7
19. Nf3  O-O  20. Qd2
Kh7  21. b4  Bxc3
22. Qxc3  Ne4  23. Qd3
Nef6  24. h3  Nb8
25. Bb6  Qe8  26. Rfe1
Nc6  27. Qc3  Nd7
28. Be3  Qd8  29. Qd2
h5  30. Bh6  Re8
31. Ra3  Qf6  32. Ng5+
Kg8  33. Rf3  Qh8
34. Nxf7  1-0

[Event "Mistrovstvi Cech 2019 - HD16"]
[Site "Prichovice u Korenova"]
[Date "2019.11.01"]
[Round "8"]
[White "Toman, Jan"]
[Black "Merinsky, Vaclav"]
[Result "0-1"]
[WhiteElo "1468"]
[BlackElo "1728"]
[PlyCount "102"]
[EventDate "2019.10.26"]

1. e4 e5 2. Nf3 Nc6 3. Bb5 Nf6 4. O-O Be7 5. Re1 d6 6. h3 Bd7 7. c3 O-O 8. d4
exd4 9. cxd4 a6 10. Bd3 Nb4 11. Nc3 Nxd3 12. Qxd3 h6 13. Ne2 Bb5 14. Qc2 Bxe2
15. Rxe2 c6 16. Qb3 Qd7 17. d5 c5 18. Bf4 Bd8 19. Nd2 b5 20. g4 Re8 21. Rae1
Ba5 22. Kf1 g5 23. Bh2 Bxd2 24. Rxd2 Rxe4 25. Rxe4 Nxe4 26. Re2 Nf6 27. Qf3 Kg7
28. a3 b4 29. axb4 cxb4 30. Rc2 Qb5+ 31. Kg1 Qxd5 32. Qxd5 Nxd5 33. Bxd6 a5 34.
Rc5 Nf4 35. Bxf4 gxf4 36. Rc4 f3 37. Kh2 Rd8 38. Rc5 Rd2 39. Rxa5 Rxf2+ 40. Kg3
Rxb2 41. Kxf3 b3 42. Rb5 Rb1 43. Ke2 b2 44. Kd2 Rh1 45. Rxb2 Rh2+ 46. Kc1 Rxb2
47. Kxb2 Kf6 48. h4 Ke5 49. Kc2 Kf4 50. g5 hxg5 51. hxg5 Kxg5 0-1